1327 1280 1820 1976 1997 1587 1057 1361 1250 1904 1977 1205 1143 1356 1532 1539 1550 1382 1410 1158 1334 1015 1236 1468 1135 1745 1165 1307 1376 1642 1534 1767 1001 1453 1507 1818 1356 1233 1209 1079 1072 1457 1775 1547 1428 1057 1370 1045 1974 1783 1109 1321 1433 1058 1255 1988 1962 1566 1209 1886 1301 1600 1768 1042 1143 1221 1425 1719 1095 1500 1915 1678 1933 1611 1356 1780 1440 1328 1024 1949 1196 1421 1711 1479 1918 1158 1467 1707 1080 1543 1815 1092 1702 1462 1792 1895 1580 1609 1456 BCNSPRNW ULIB Ver.6.0+V

เปลี่ยนเป็นภาษาไทย

Change to English
 แสดงรายละเอียดบรรณานุกรม
  กลับหน้าหลัก

Brief Record : Get Marc (ISO 2709) : E-mail record : QR code < ปิดหน้าต่าง
LEADER : 00000nam 2200000uu 4500
001    13399113564
003     ULIB
008    111128s2551||||th 000 0 tha d
020    ^a9789740415664
090    ^aนว.^bก880ส 2551
100 0  ^aแก่นฝัน
245 00 ^aสืบลับกับดักรัก/^cแก่นฝัน
250    ^aพิมพ์ครั้งที่ 1
260    ^aกรุงเทพฯ :^bบลูเบลล์,^c2551
300    ^a318 หน้า
710 1  ^aบูลเบลล์
945    ^p219^l0^i16025
995    ^aกัณชพร
999    ^aใช้งานได้ทุกระบบ
รายการนี้ยังไม่มีแท็ก
คุณยังไม่ได้ล็อกอิน คุณสามารถมีกิจกรรมร่วมกับเว็บไซต์ได้ แต่ต้องล็อกอินก่อน ::
  ล็อกอิน

รายการสื่อสารสนเทศ

ลำดับที่ ประเภท เลขเรียก/บาร์โค้ด สถานที่ สถานะ
1. วิทยาศาสตร์การแพทย์ และสุขภาพ
วิทยาศาสตร์การแพทย์ และสุขภาพ
นว. ก880ส 2551  
  Barcode: 16025
ห้องสมุดวิทยาเขตสวรรค์ประชารักษ์
►นวนิยาย
บนชั้น
  ขอยืม

รายการใกล้เคียง
    ผู้แต่ง [แก่นฝัน]

BibComment


ยังไม่เคยถูกคอมเมนท์

คอมเมนท์ทรัพยากรรายการนี้
  คอมเมนท์: สืบลับกับดักรัก ..


 Copyright 2026. Bcnsprnw @Library